000 00608nam a2200205 4500
008 s2006 fr fre u
020 _a9782047321959
040 _aLB-BrCRDP
082 1 _a5e
_bSVT.tr
100 1 _aTavernier, Raymond
245 1 0 _aSciences de la vie et de la terre - 5e. Transparents
_cRaymond Tavernier , Claude Lizeaux
260 _aParis
_bBordas
_c2006
300 _a30 p.
_c31 cm
490 0 _aTavernier
650 4 _aSciences de la vie et de la terre
650 4 _aEB9
700 1 _aLizeaux, Claude
942 _cBK
999 _c2906
_d2906